000 00791nam a22001817a 4500
005 20231201115604.0
010 _aHIN- 126334
020 _a9788186261934
_c495.00
035 _aHN-98680
037 _bDBAD/PUB
082 _a230.1
_b1
100 _aशर्मा,राधेश्याम;अमर'
_959302
245 _aमानवता के आदर्श श्रीराम/
_cराधेश्याम शर्मा'अमर'
260 _aनई दिल्ली
_bएस के पब्लिशर्स
_c2020
270 _aए-47 अमर कॉलोनी लाजपत नगर
_bनई दिल्ली
_e110024
300 _a168 पृष्ठ;
_c23cm (सजिल्द)
942 _cHN
_h230.1
_2ddc
_mशर्मारा
999 _c199364
_d199364